MARC details
| 000 -LEADER |
| fixed length control field |
04306cam a2200553 i 4500 |
| 001 - CONTROL NUMBER |
| control field |
19373490 |
| 003 - CONTROL NUMBER IDENTIFIER |
| control field |
ARRUPE |
| 005 - DATE AND TIME OF LATEST TRANSACTION |
| control field |
20180919122609.0 |
| 008 - FIXED-LENGTH DATA ELEMENTS--GENERAL INFORMATION |
| fixed length control field |
161114t20172017nyua b 001 0 eng d |
| 010 ## - LIBRARY OF CONGRESS CONTROL NUMBER |
| LC control number |
2016959692 |
| 020 ## - INTERNATIONAL STANDARD BOOK NUMBER |
| International Standard Book Number |
9780316275774 |
| Qualifying information |
(hardback) |
| 020 ## - INTERNATIONAL STANDARD BOOK NUMBER |
| International Standard Book Number |
0316275778 |
| Qualifying information |
(hardback) |
| 020 ## - INTERNATIONAL STANDARD BOOK NUMBER |
| International Standard Book Number |
9780316508278 |
| Qualifying information |
(international paperback) |
| 020 ## - INTERNATIONAL STANDARD BOOK NUMBER |
| International Standard Book Number |
0316508276 |
| Qualifying information |
(international paperback) |
| 035 ## - SYSTEM CONTROL NUMBER |
| System control number |
(OCoLC)ocn981760522 |
| 040 ## - CATALOGING SOURCE |
| Original cataloging agency |
JAG |
| Language of cataloging |
eng |
| Transcribing agency |
JAG |
| Description conventions |
rda |
| -- |
rda |
| Modifying agency |
CLE |
| -- |
IZ2 |
| -- |
GP5 |
| -- |
IMT |
| -- |
PFLCL |
| -- |
YDX |
| -- |
IUK |
| -- |
VP@ |
| -- |
OCLCF |
| -- |
A7U |
| -- |
HTM |
| -- |
IGA |
| -- |
BDX |
| -- |
UPM |
| -- |
TOH |
| -- |
IBI |
| -- |
NDS |
| -- |
TXKYL |
| -- |
WVU |
| -- |
DLC |
| 042 ## - AUTHENTICATION CODE |
| Authentication code |
lccopycat |
| 050 00 - LIBRARY OF CONGRESS CALL NUMBER |
| Classification number |
HM851 |
| Item number |
.T365 2017 |
| 082 04 - DEWEY DECIMAL CLASSIFICATION NUMBER |
| Classification number |
303.48/33 |
| Edition number |
23 |
| 300 ## - PHYSICAL DESCRIPTION |
| Other physical details |
illustrations ; |
| Dimensions |
25 cm |
| 100 1# - MAIN ENTRY--PERSONAL NAME |
| Personal name |
Taplin, Jonathan T., |
| Relator term |
author. |
| 9 (RLIN) |
42311 |
| 245 10 - TITLE STATEMENT |
| Title |
Move fast and break things : |
| Remainder of title |
how Facebook, Google, and Amazon cornered culture and undermined democracy / |
| Statement of responsibility, etc |
Jonathan Taplin. |
| 250 ## - EDITION STATEMENT |
| Edition statement |
First edition. |
| 260 ## - PUBLICATION, DISTRIBUTION, ETC. (IMPRINT) |
| Place of publication, distribution, etc |
New York |
| Name of publisher, distributor, etc |
Pan Books |
| Date of publication, distribution, etc |
2017 |
| 300 ## - PHYSICAL DESCRIPTION |
| Extent |
x, 308 pages : |
| 504 ## - BIBLIOGRAPHY, ETC. NOTE |
| Bibliography, etc |
Includes bibliographical references and index. |
| 505 0# - FORMATTED CONTENTS NOTE |
| Formatted contents note |
The great disruption -- Levon's story -- Tech's counterculture roots -- The libertarian counterinsurgency -- Digital destruction -- Monopoly in the digital age -- Google's regulatory capture -- The social media revolution -- Pirates of the Internet -- Libertarians and the 1 percent -- What it means to be human -- The digital renaissance. |
| 520 ## - SUMMARY, ETC. |
| Summary, etc |
Jonathan Taplin tells the story of how a small group of libertarian entrepreneurs began in the 1990s to hijack the original decentralized vision of the Internet, in the process creating three monopoly firms -- Facebook, Amazon and Google -- that now determine the future of the music, film, television, publishing and news industries. Taplin offers a history of how online life began to be shaped around the values of the men who founded these companies, including Peter Thiel and Larry Page: tolerating piracy of books, music and film while at the same time promoting opaque business practices and subordinating privacy of individual users to create the surveillance marketing monoculture in which we now live. The enormous profits that have come with this concentration of power tell their own story. More creative content is being consumed that ever before, but less revenue is flowing to creators and owners of the content. Google, Facebook and Amazon now enjoy political power on par with Big Oil and Big Pharma, which in part explains how such a tremendous shift in revenues from artists to platforms could have been achieved and why it has gone unchallenged for so long. As Taplin observes, the fact that more and more Americans receive their news, music and other forms of entertainment from a small group of companies poses a real threat to democracy. Move Fast and Break Things offers a prescription for how artists can reclaim their audiences using knowledge of the past and a determination to work together. Using his own half century career as a music and film producer and early pioneer of streaming video online, Taplin offers new ways to think about the design of the World Wide Web and specifically the way we live with the firms that dominate it. |
| 610 20 - SUBJECT ADDED ENTRY--CORPORATE NAME |
| Corporate name or jurisdiction name as entry element |
Google (Firm) |
| 9 (RLIN) |
42312 |
| 610 20 - SUBJECT ADDED ENTRY--CORPORATE NAME |
| Corporate name or jurisdiction name as entry element |
Facebook (Firm) |
| 9 (RLIN) |
42313 |
| 610 20 - SUBJECT ADDED ENTRY--CORPORATE NAME |
| Corporate name or jurisdiction name as entry element |
Amazon.com (Firm) |
| 9 (RLIN) |
42314 |
| 650 #0 - SUBJECT ADDED ENTRY--TOPICAL TERM |
| Topical term or geographic name as entry element |
Internet |
| General subdivision |
Social aspects. |
| 9 (RLIN) |
2927 |
| 650 #0 - SUBJECT ADDED ENTRY--TOPICAL TERM |
| Topical term or geographic name as entry element |
Information society. |
| 9 (RLIN) |
42315 |
| 650 #0 - SUBJECT ADDED ENTRY--TOPICAL TERM |
| Topical term or geographic name as entry element |
Electronic commerce. |
| 9 (RLIN) |
42316 |
| 650 #0 - SUBJECT ADDED ENTRY--TOPICAL TERM |
| Topical term or geographic name as entry element |
Music and the Internet. |
| 9 (RLIN) |
42317 |
| 650 #0 - SUBJECT ADDED ENTRY--TOPICAL TERM |
| Topical term or geographic name as entry element |
Art and the Internet. |
| 9 (RLIN) |
42318 |
| 650 #0 - SUBJECT ADDED ENTRY--TOPICAL TERM |
| Topical term or geographic name as entry element |
Literature and the Internet. |
| 9 (RLIN) |
42319 |
| 650 #4 - SUBJECT ADDED ENTRY--TOPICAL TERM |
| Topical term or geographic name as entry element |
Democracy |
| Geographic subdivision |
United States. |
| 9 (RLIN) |
18309 |
| 650 #7 - SUBJECT ADDED ENTRY--TOPICAL TERM |
| Topical term or geographic name as entry element |
Art and the Internet. |
| Source of heading or term |
fast |
| 9 (RLIN) |
42318 |
| 650 #7 - SUBJECT ADDED ENTRY--TOPICAL TERM |
| Topical term or geographic name as entry element |
Electronic commerce. |
| Source of heading or term |
fast |
| 9 (RLIN) |
42316 |
| 650 #7 - SUBJECT ADDED ENTRY--TOPICAL TERM |
| Topical term or geographic name as entry element |
Information society. |
| Source of heading or term |
fast |
| 9 (RLIN) |
42315 |
| 650 #7 - SUBJECT ADDED ENTRY--TOPICAL TERM |
| Topical term or geographic name as entry element |
Internet |
| General subdivision |
Social aspects. |
| Source of heading or term |
fast |
| 9 (RLIN) |
2927 |
| 650 #7 - SUBJECT ADDED ENTRY--TOPICAL TERM |
| Topical term or geographic name as entry element |
Literature and the Internet. |
| Source of heading or term |
fast |
| 9 (RLIN) |
42319 |
| 650 #7 - SUBJECT ADDED ENTRY--TOPICAL TERM |
| Topical term or geographic name as entry element |
Music and the Internet. |
| Source of heading or term |
fast |
| 9 (RLIN) |
42317 |
| 906 ## - LOCAL DATA ELEMENT F, LDF (RLIN) |
| a |
7 |
| b |
cbc |
| c |
copycat |
| d |
2 |
| e |
ncip |
| f |
20 |
| g |
y-gencatlg |
| 942 ## - ADDED ENTRY ELEMENTS (KOHA) |
| Source of classification or shelving scheme |
Library of Congress Classification |
| Koha item type |
Monograph ( Printed materials) |